[Event "Chiang Mai op 20th"]
[Site "Chiangmai"]
[Date "2022.10.26"]
[Round "5.10"]
[White "Thavandiran, Shiyam"]
[Black "Teerapabpaisit, Wisuwat"]
[Result "1-0"]
[WhiteElo "2353"]
[BlackElo "2084"]
[PlyCount "97"]
[EventDate "2022.10.22"]
[EventType "swiss"]
[EventRounds "9"]
[EventCountry "THA"]
[SourceTitle "EXT 2024"]
[Source "ChessBase"]
[SourceDate "2023.10.10"]
[SourceVersion "1"]
[SourceVersionDate "2023.10.10"]
[SourceQuality "1"]

1. e4 c5 2. Nf3 e6 3. d4 cxd4 4. Nxd4 a6 5. c4 Nf6 6. Nc3 Bb4 7. Qd3 d5 8. exd5 exd5 9. Be2 0-0 10. 0-0 dxc4 11. Qxc4 Bd6 12. Bg5 Nbd7 13. Ne6 Bxh2+ 14. Kxh2 fxe6 15. Qxe6+ Kh8 16. Rad1 Qc7+ 17. Qd6 Qxd6+ 18. Rxd6 b5 19. Bf3 Ra7 20. Re1 h6 21. Bd2 Nc5 22. b4 Nb7 23. Rc6 Bg4 24. Rxf6 Rxf6 25. Bxg4 Nd6 26. Nd5 Rf8 27. Be3 Rb7 28. Bc5 Rd8 29. Ne7 Nc4 30. Nc6 Ra8 31. Bf3 Rc7 32. Ne5 Rac8 33. Nxc4 bxc4 34. Rc1 a5 35. a3 axb4 36. axb4 Rxc5 37. bxc5 Rxc5 38. Rc3 h5 39. Be2 g6 40. Rxc4 Rd5 41. Bf3 Re5 42. Re4 Ra5 43. Re7 Kg8 44. Kg3 Rg5+ 45. Kh4 Rf5 46. Rd7 Kf8 47. Rd5 Rf6 48. Kg5 Re6 49. Rd7 1-0

[Event "Bangkok Thailand op"]
[Site "Bangkok"]
[Date "2021.12.17"]
[Round "4"]
[White "Teerapabpaisit, Wisuwat"]
[Black "Taulananda, Anon"]
[Result "1-0"]
[WhiteElo "2118"]
[BlackElo "1585"]
[PlyCount "57"]
[EventDate "2021.12.15"]
[EventType "swiss"]
[EventRounds "9"]
[EventCountry "THA"]
[SourceTitle "CBM 206 Extra"]
[Source "ChessBase"]
[SourceDate "2022.03.31"]
[SourceVersion "1"]
[SourceVersionDate "2022.03.31"]
[SourceQuality "1"]

1. e4 c6 2. d4 d5 3. Nc3 dxe4 4. Nxe4 Bf5 5. Ng3 Bg6 6. Nf3 Nd7 7. h4 h6 8. h5 Bh7 9. Bd3 Bxd3 10. Qxd3 e6 11. Bd2 Ngf6 12. 0-0-0 Be7 13. Kb1 Qc7 14. Ne4 c5 15. dxc5 Nxe4 16. Qxe4 Nxc5 17. Qe2 Bf6 18. Qb5+ Qc6 19. Qxc6+ bxc6 20. Be3 Na4 21. Bd4 Rb8 22. Ka1 Ke7 23. Bxf6+ Kxf6 24. Rd4 Nb6 25. Rf4+ Ke7 26. Ne5 Rhc8 27. Rxf7+ Kd6 28. f4 Rf8 29. Rd1+ 1-0

[Event "Nonthaburi SEA Games Qual"]
[Site "Nonthaburi"]
[Date "2021.03.04"]
[Round "1.3"]
[White "Mongkolpradit, Harris"]
[Black "Teerapabpaisit, Wisuwat"]
[Result "0-1"]
[WhiteElo "1533"]
[BlackElo "2123"]
[PlyCount "48"]
[EventDate "2021.03.04"]
[EventType "swiss"]
[EventRounds "9"]
[EventCountry "THA"]
[SourceTitle "EXT 2022"]
[Source "ChessBase"]
[SourceDate "2021.10.06"]
[SourceVersion "1"]
[SourceVersionDate "2021.10.06"]
[SourceQuality "1"]

1. c4 Nf6 2. Nc3 g6 3. g3 Bg7 4. Bg2 d6 5. e4 c5 6. Nge2 Nc6 7. 0-0 h5 8. h4 0-0 9. d3 Rb8 10. a3 a6 11. Bd2 Bg4 12. Qc1 Ne5 13. Nf4 Nf3+ 14. Kh1 b5 15. Ncd5 bxc4 16. Bc3 e5 17. Nxf6+ Bxf6 18. Nd5 Bxh4 19. Ne3 Bg5 20. Qc2 Qf6 21. dxc4 Qh8 22. Bxf3 Bxf3+ 23. Kg1 h4 24. Ng4 hxg3 0-1

[Event "THA-ch"]
[Site "Bangkok"]
[Date "2020.02.09"]
[Round "7"]
[White "Teerapabpaisit, Wisuwat"]
[Black "Arunnuntapanich, Tinnakrit"]
[Result "0-1"]
[WhiteElo "2154"]
[BlackElo "2051"]
[PlyCount "50"]
[EventDate "2020.02.06"]
[EventType "swiss"]
[EventRounds "9"]
[EventCountry "THA"]
[SourceTitle "CBM 195 Extra"]
[Source "ChessBase"]
[SourceDate "2020.05.31"]
[SourceVersion "1"]
[SourceVersionDate "2020.05.31"]
[SourceQuality "1"]

1. e4 c5 2. Nf3 d6 3. d4 cxd4 4. Nxd4 Nf6 5. Nc3 a6 6. g3 e5 7. Nde2 Nbd7 8. Bg2 b5 9. a3 Bb7 10. 0-0 Be7 11. Qd3 Rc8 12. Rd1 Qc7 13. b3 0-0 14. Bb2 Nc5 15. Qe3 Ncxe4 16. Nxe4 Bxe4 17. Bxe4 Nxe4 18. c4 Qb7 19. cxb5 Ng5 20. h4 Nf3+ 21. Kf1 axb5 22. Nc3 Nd4 23. Nd5 Qxd5 24. Bxd4 exd4 25. Qxe7 Rfe8 0-1

[Event "THA-ch"]
[Site "Bangkok"]
[Date "2020.02.08"]
[Round "5"]
[White "Teerapabpaisit, Wisuwat"]
[Black "Burbach, Brunel Baron"]
[Result "1-0"]
[WhiteElo "2154"]
[BlackElo "1780"]
[PlyCount "67"]
[EventDate "2020.02.06"]
[EventType "swiss"]
[EventRounds "9"]
[EventCountry "THA"]
[SourceTitle "CBM 195 Extra"]
[Source "ChessBase"]
[SourceDate "2020.05.31"]
[SourceVersion "1"]
[SourceVersionDate "2020.05.31"]
[SourceQuality "1"]

1. e4 e5 2. Nf3 Nf6 3. d4 Nxe4 4. Bd3 d5 5. Nxe5 Nd7 6. Qe2 Nxe5 7. Bxe4 dxe4 8. Qxe4 Be6 9. Qxe5 Qd7 10. Be3 0-0-0 11. Qa5 a6 12. Nd2 Qc6 13. 0-0 h5 14. c4 Bd7 15. Nf3 f6 16. d5 Qd6 17. a3 Bg4 18. Nh4 f5 19. Bg5 Be7 20. Bxe7 Qxe7 21. Ng6 Qg5 22. Nxh8 Bh3 23. g3 Rxh8 24. Rfe1 h4 25. Re5 hxg3 26. fxg3 Bg4 27. Rae1 Qh6 28. Re8+ Rxe8 29. Rxe8+ Kd7 30. Qe1 Qb6+ 31. Qe3 Qxe3+ 32. Rxe3 b5 33. c5 Bh5 34. Re5 1-0

[Event "THA-chT"]
[Site "Bangkok"]
[Date "2019.12.18"]
[Round "5.2"]
[White "Teerapabpaisit, Wisuwat"]
[Black "Burbach, Brunel Baron"]
[Result "1/2-1/2"]
[WhiteElo "2136"]
[BlackElo "1616"]
[PlyCount "116"]
[EventDate "2019.12.16"]
[EventType "team-swiss"]
[EventRounds "9"]
[EventCountry "THA"]
[SourceTitle "CBM 194 Extra"]
[Source "ChessBase"]
[SourceDate "2020.03.31"]
[SourceVersion "1"]
[SourceVersionDate "2020.03.31"]
[SourceQuality "1"]
[WhiteTeam "East Bangapi"]
[BlackTeam "Pattaya Knightmares"]
[WhiteTeamCountry "THA"]
[BlackTeamCountry "THA"]

1. e4 e5 2. Nf3 Nf6 3. d4 Nxe4 4. Bd3 d5 5. Nxe5 Nd7 6. Qe2 Qe7 7. Nxd7 Bxd7 8. 0-0 0-0-0 9. c4 Nf6 10. Qxe7 Bxe7 11. c5 Rhe8 12. f3 h5 13. Nc3 g6 14. b4 Be6 15. Be3 Ng8 16. Bf2 Bf6 17. Rfd1 Ne7 18. Rac1 Bf5 19. b5 Bxd3 20. Rxd3 Bg5 21. Re1 c6 22. Kf1 Nf5 23. Rb1 h4 24. Ne2 Kc7 25. Rdb3 Rb8 26. a4 Be3 27. g4 Bxf2 28. gxf5 Be3 29. fxg6 fxg6 30. Kg2 Bd2 31. Kf1 Be3 32. Kg2 Bd2 33. Kf2 Bh6 34. bxc6 bxc6 35. Rxb8 Rxb8 36. Rxb8 Kxb8 37. f4 Kb7 38. Kf3 Bg7 39. Ke3 Ka6 40. h3 Ka5 41. Nc3 Kb4 42. Nxd5+ Kc4 43. Ne7 Bxd4+ 44. Ke4 Kxc5 45. Nxg6 Bf6 46. Ne5 Kd6 47. Ng4 Bb2 48. Ne3 Bf6 49. Ng4 Bb2 50. f5 c5 51. Ne3 Bd4 52. Nc4+ Ke7 53. a5 Kf6 54. a6 Bf2 55. Nd6 Bg1 56. Kd5 c4 57. Ke4 c3 58. Kd3 Ke5 1/2-1/2

[Event "THA-ch"]
[Site "Bangkok"]
[Date "2019.05.04"]
[Round "7"]
[White "Khumnorkaew, Tupfah"]
[Black "Teerapabpaisit, Wisuwat"]
[Result "0-1"]
[WhiteElo "2040"]
[BlackElo "2112"]
[PlyCount "173"]
[EventDate "2019.05.01"]
[EventType "swiss"]
[EventRounds "9"]
[EventCountry "THA"]
[SourceTitle "CBM 190 Extra"]
[Source "ChessBase"]
[SourceDate "2019.07.15"]
[SourceVersion "1"]
[SourceVersionDate "2019.07.15"]
[SourceQuality "1"]

1. d4 Nf6 2. c4 g6 3. Nc3 Bg7 4. e4 d6 5. Be2 Nbd7 6. Be3 c5 7. d5 a6 8. a4 Qa5 9. Bd2 0-0 10. h3 Qc7 11. Qc2 e6 12. 0-0-0 exd5 13. exd5 Re8 14. g4 Nf8 15. Bd3 Bd7 16. f4 b5 17. f5 b4 18. Nce2 b3 19. Qb1 Bxa4 20. Nc3 Bd7 21. g5 Nh5 22. f6 Bh8 23. Nge2 a5 24. Nf4 Nxf4 25. Bxf4 a4 26. Qa1 a3 27. bxa3 Ra6 28. Qb2 Rea8 29. Nb1 Bf5 30. h4 Qc8 31. Bg3 Bxd3 32. Rxd3 Qg4 33. Qxb3 h6 34. Be1 hxg5 35. Rg3 Qe4 36. Qf3 Qf4+ 37. Bd2 Qxf6 38. Qxf6 Bxf6 39. hxg5 Be5 40. Bc3 Bxc3 41. Rxc3 Re8 42. Nd2 Re5 43. Rg3 Nd7 44. Kc2 Kg7 45. Rb1 Re2 46. Rbb3 Ne5 47. Rbc3 Rf2 48. Kd1 Rf4 49. Kc2 Ra8 50. Rge3 Rd4 51. Re4 Rc8 52. Rxd4 cxd4 53. Rb3 Nxc4 54. Nxc4 Rxc4+ 55. Kd3 Ra4 56. Ke4 d3+ 57. Kxd3 Rg4 58. Rb4 Rxg5 59. Kc4 Kf6 60. a4 Rg1 61. a5 Ke5 62. Ra4 Rc1+ 63. Kd3 Kxd5 64. a6 Rc8 65. a7 Ra8 66. Ra6 f5 67. Ke3 g5 68. Ra5+ Ke6 69. Kd4 Kf6 70. Ra6 Ke7 71. Ra5 Ke6 72. Ke3 Kf6 73. Kd4 g4 74. Ke3 Kg5 75. Kf2 d5 76. Ke3 f4+ 77. Kf2 Kf6 78. Ke2 Ke5 79. Kd3 g3 80. Ke2 Ke4 81. Ra6 f3+ 82. Kf1 d4 83. Re6+ Kf5 84. Ra6 d3 85. Ra5+ Ke4 86. Ra4+ Ke3 87. Ra3 0-1

[Event "THA-ch"]
[Site "Bangkok"]
[Date "2019.05.04"]
[Round "8"]
[White "Teerapabpaisit, Wisuwat"]
[Black "Wiwatanadate, Poompong"]
[Result "1-0"]
[WhiteElo "2112"]
[BlackElo "1996"]
[PlyCount "107"]
[EventDate "2019.05.01"]
[EventType "swiss"]
[EventRounds "9"]
[EventCountry "THA"]
[SourceTitle "CBM 190 Extra"]
[Source "ChessBase"]
[SourceDate "2019.07.15"]
[SourceVersion "1"]
[SourceVersionDate "2019.07.15"]
[SourceQuality "1"]

1. e4 c5 2. Nf3 Nc6 3. d4 cxd4 4. Nxd4 Qb6 5. Nb3 Nf6 6. Nc3 e6 7. Be3 Qc7 8. a3 Be7 9. f4 d6 10. Qf3 0-0 11. 0-0-0 a6 12. g4 Nd7 13. g5 g6 14. h4 Re8 15. h5 Nf8 16. Bd3 b5 17. Nd4 b4 18. Nxc6 bxc3 19. Nxe7+ Rxe7 20. Bd4 cxb2+ 21. Bxb2 Qc5 22. Rh2 Rb8 23. Qf2 Nd7 24. hxg6 fxg6 25. Qd4 Qxd4 26. Bxd4 e5 27. Bc4+ Kf8 28. fxe5 dxe5 29. Bc3 Ke8 30. Bb4 Rg7 31. Rd6 Rb6 32. Rd3 Rc6 33. Bd5 Rc7 34. Bd6 Ra7 35. Rb3 a5 36. Rf2 Ra6 37. Rc3 Rxd6 38. Rxc8+ Ke7 39. Ra8 Nb6 40. Rxa5 Nxd5 41. exd5 Rd7 42. c4 Rf7 43. Rxf7+ Kxf7 44. Kd2 h5 45. gxh6 Kf6 46. Ke3 Kf5 47. Ra8 g5 48. Rf8+ Kg6 49. Ke4 Rc7 50. Kxe5 Rxc4 51. d6 Rc5+ 52. Ke6 Ra5 53. d7 Rxa3 54. Rf6+ 1-0

[Event "Olympiad-43"]
[Site "Batumi"]
[Date "2018.10.03"]
[Round "9.1"]
[White "Teerapabpaisit, Wisuwat"]
[Black "Taalaibekov, Tagir"]
[Result "1/2-1/2"]
[WhiteElo "2154"]
[BlackElo "2291"]
[PlyCount "146"]
[EventDate "2018.09.24"]
[EventType "team-swiss"]
[EventRounds "11"]
[EventCountry "GEO"]
[SourceTitle "CBM 187"]
[Source "ChessBase"]
[SourceDate "2018.12.11"]
[SourceVersion "1"]
[SourceVersionDate "2018.12.11"]
[SourceQuality "1"]
[WhiteTeam "Thailand"]
[BlackTeam "Kyrgyzstan"]
[WhiteTeamCountry "THA"]
[BlackTeamCountry "KGZ"]

1. e4 d6 2. d4 Nf6 3. Nc3 Nbd7 4. Nf3 e5 5. Bc4 Be7 6. 0-0 0-0 7. Re1 c6 8. a4 exd4 9. Qxd4 d5 10. exd5 Bc5 11. Qh4 Nb6 12. Bd3 h6 13. dxc6 bxc6 14. Ne4 Be7 15. Nxf6+ Bxf6 16. Qe4 g6 17. Bxh6 Bf5 18. Qe2 Bxd3 19. cxd3 Re8 20. Qxe8+ Qxe8 21. Rxe8+ Rxe8 22. Rc1 Bxb2 23. Rxc6 Nxa4 24. Be3 Rd8 25. d4 Nc3 26. Kf1 Nb5 27. Rc4 a5 28. Ra4 Bc3 29. Ke2 Bb4 30. Kd3 Rc8 31. Bd2 Nc3 32. Ra1 a4 33. Ne1 Nd5 34. Rxa4 Bd6 35. Nf3 Rb8 36. Ra5 Ne7 37. Ra6 Bc7 38. Ne5 Rb3+ 39. Kc2 Rb5 40. Ra7 Nd5 41. g3 Rb8 42. Ba5 Bxe5 43. dxe5 Re8 44. f4 Ne3+ 45. Kd3 Nf1 46. g4 Nxh2 47. g5 Nf3 48. Bb4 Rd8+ 49. Kc4 Rd4+ 50. Kc3 Rxf4 51. Be7 Nxe5 52. Bf6 Rxf6 53. gxf6 Ng4 54. Ra8+ Kh7 55. Rf8 Nh6 56. Kd4 g5 57. Ra8 Kg6 58. Ra6 Kf5 59. Ke3 Ng4+ 60. Kf3 Nxf6 61. Ra5+ Kg6 62. Ra6 Kg7 63. Ra5 Nh7 64. Kg4 Kg6 65. Ra6+ Nf6+ 66. Kf3 Kg7 67. Ra5 Kh6 68. Ra7 Kg7 69. Ra5 Nh7 70. Kg4 Kg6 71. Ra6+ f6 72. Rb6 Nf8 73. Rd6 Nh7 1/2-1/2

[Event "Olympiad-43"]
[Site "Batumi"]
[Date "2018.09.28"]
[Round "5.42"]
[White "Teerapabpaisit, Wisuwat"]
[Black "Hussein, Ahal Ali"]
[Result "0-1"]
[WhiteElo "2154"]
[BlackElo "2273"]
[PlyCount "84"]
[EventDate "2018.09.24"]
[EventType "team-swiss"]
[EventRounds "11"]
[EventCountry "GEO"]
[SourceTitle "CBM 187"]
[Source "ChessBase"]
[SourceDate "2018.12.11"]
[SourceVersion "1"]
[SourceVersionDate "2018.12.11"]
[SourceQuality "1"]
[WhiteTeam "Thailand"]
[BlackTeam "Iraq"]
[WhiteTeamCountry "THA"]
[BlackTeamCountry "IRQ"]

1. e4 c5 2. Nf3 d6 3. d4 cxd4 4. Nxd4 Nf6 5. Nc3 Nc6 6. Be2 e5 7. Nb3 a5 8. a4 Be7 9. Be3 Be6 10. Nd5 Bxd5 11. exd5 Nb4 12. Bb5+ Kf8 13. c4 b6 14. 0-0 h5 15. f3 g6 16. Qd2 Kg7 17. Rad1 Na6 18. f4 Ng4 19. fxe5 dxe5 20. d6 Nxe3 21. Qxe3 Bxd6 22. Bxa6 Rxa6 23. Rd5 Qe7 24. Rfd1 Rd8 25. Kh1 Bc7 26. Rxd8 Bxd8 27. Rd5 Bc7 28. Nd4 Ra8 29. Nb5 Re8 30. g3 e4 31. Kg2 Be5 32. b3 Qf6 33. Rd7 Re6 34. Rd5 h4 35. Nd4 h3+ 36. Kg1 Re7 37. Rd8 Re8 38. Rd5 Rd8 39. Nc6 Rxd5 40. cxd5 Bd6 41. Qxb6 Qf3 42. Qd4+ Kh7 0-1

[Event "Olympiad-43"]
[Site "Batumi"]
[Date "2018.09.25"]
[Round "2.1"]
[White "Bongo Akanga Ndjila, Barthelemy"]
[Black "Teerapabpaisit, Wisuwat"]
[Result "0-1"]
[WhiteElo "1765"]
[BlackElo "2154"]
[PlyCount "202"]
[EventDate "2018.09.24"]
[EventType "team-swiss"]
[EventRounds "11"]
[EventCountry "GEO"]
[SourceTitle "CBM 187"]
[Source "ChessBase"]
[SourceDate "2018.12.11"]
[SourceVersion "1"]
[SourceVersionDate "2018.12.11"]
[SourceQuality "1"]
[WhiteTeam "Gabun"]
[BlackTeam "Thailand"]
[WhiteTeamCountry "GAB"]
[BlackTeamCountry "THA"]

1. d4 Nf6 2. c4 g6 3. Nc3 Bg7 4. e4 d6 5. Be2 c6 6. Nf3 0-0 7. 0-0 a6 8. a4 a5 9. Ne1 e5 10. d5 Na6 11. Nd3 Nd7 12. Be3 Nb4 13. Qb3 Nxd3 14. Bxd3 Nc5 15. Bxc5 dxc5 16. Qc2 Ra6 17. Ra3 Rb6 18. Rd1 Qg5 19. Bf1 Re8 20. Na2 f5 21. Rg3 Qh4 22. Nc3 Rf8 23. Rh3 Qe7 24. d6 Qf7 25. Rhd3 Bd7 26. b3 Rd8 27. f3 f4 28. Na2 Ra6 29. Qf2 b6 30. Nc3 Ra7 31. Qh4 Qf6 32. Qxf6 Bxf6 33. g3 Kf7 34. Ne2 g5 35. g4 h5 36. h3 Ke6 37. Nc3 Rh8 38. R3d2 Bg7 39. Kg2 Bf8 40. Kg1 Be8 41. Be2 Rah7 42. Bf1 Kd7 43. Kf2 Rh6 44. Kg1 Bxd6 45. Kf2 Kc7 46. Kg1 Be7 47. Kf2 Kb8 48. Kg1 Kc7 49. Kf2 Bd6 50. Kg1 R8h7 51. Kf2 Bd7 52. Kg1 Bc8 53. Kf2 Be7 54. Kg1 hxg4 55. hxg4 Rh4 56. Rg2 Rh3 57. Kf2 Bd6 58. Rg1 R3h4 59. Bg2 Bd7 60. Rh1 Be7 61. Rxh4 gxh4 62. Bf1 h3 63. Be2 Bh4+ 64. Kg1 Kd8 65. Bf1 Bg3 66. Rd6 Ke7 67. Rd2 Rh6 68. Kh1 Be1 69. Rd3 Be8 70. Kh2 Bg3+ 71. Kh1 h2 72. Rd2 Be1 73. Rd3 Bf2 74. Nd1 Bg1 75. Rd2 Bf7 76. Nc3 Bd4 77. Nb1 Bg1 78. Nc3 Rh8 79. Rd1 Be6 80. Rd3 Bd4 81. Nb1 Bd7 82. Rd2 Bg1 83. Nc3 Rb8 84. Bd3 Be8 85. Kg2 Rd8 86. Nb1 Rd6 87. Be2 Rh6 88. Kh1 Rh3 89. Nc3 Bd7 90. Rd3 Bd4 91. Nb1 b5 92. Na3 bxa4 93. bxa4 Kd6 94. Bf1 Rh8 95. Rb3 Kc7 96. Nc2 Bg1 97. Ne1 Be6 98. Rc3 Rb8 99. Nd3 Kd6 100. Rc2 Rb3 101. Be2 Ra3 0-1

[Event "Bangkok op 17th"]
[Site "Bangkok"]
[Date "2017.04.13"]
[Round "6"]
[White "Teerapabpaisit, Wisuwat"]
[Black "Pasaribu, Ivan Maxmillian Put"]
[Result "1/2-1/2"]
[WhiteElo "2246"]
[BlackElo "1878"]
[PlyCount "51"]
[EventDate "2017.04.08"]
[EventType "swiss"]
[EventRounds "9"]
[EventCountry "THA"]
[SourceTitle "CBM 177 Extra"]
[Source "ChessBase"]
[SourceDate "2017.04.27"]
[SourceVersion "1"]
[SourceVersionDate "2017.04.27"]
[SourceQuality "1"]

1. e4 c5 2. Nf3 d6 3. d4 cxd4 4. Nxd4 Nf6 5. Nc3 a6 6. f3 e5 7. Nb3 Be6 8. Be3 Be7 9. Qd2 0-0 10. 0-0-0 a5 11. Bb5 Na6 12. g4 Nc7 13. g5 Nh5 14. a4 Qc8 15. Kb1 Rd8 16. Bb6 Nf4 17. h4 d5 18. Nxd5 Nfxd5 19. exd5 Rxd5 20. Qe2 Nxb5 21. axb5 Rxd1+ 22. Rxd1 a4 23. Na5 a3 24. bxa3 Bf5 25. Qc4 Qe8 26. Qb3 1/2-1/2

[Event "Bangkok op 17th"]
[Site "Bangkok"]
[Date "2017.04.10"]
[Round "3"]
[White "Dai, Changren"]
[Black "Teerapabpaisit, Wisuwat"]
[Result "1-0"]
[WhiteElo "2438"]
[BlackElo "2246"]
[PlyCount "55"]
[EventDate "2017.04.08"]
[EventType "swiss"]
[EventRounds "9"]
[EventCountry "THA"]
[SourceTitle "CBM 177 Extra"]
[Source "ChessBase"]
[SourceDate "2017.04.27"]
[SourceVersion "1"]
[SourceVersionDate "2017.04.27"]
[SourceQuality "1"]

1. e4 c5 2. Nc3 e6 3. Nge2 a6 4. g3 Nc6 5. Bg2 Nf6 6. 0-0 Be7 7. d4 cxd4 8. Nxd4 Qc7 9. a4 0-0 10. Nb3 d6 11. a5 Ne5 12. f4 Nc4 13. g4 Nd7 14. Qd3 Rd8 15. g5 b5 16. axb6 Ndxb6 17. Nd4 e5 18. Nf5 exf4 19. Bxf4 Bxf5 20. exf5 Nxb2 21. Qh3 Rac8 22. g6 h6 23. gxf7+ Kxf7 24. Ne4 Kg8 25. Bxh6 d5 26. f6 dxe4 27. Qe6+ Kh7 28. Bxe4+ 1-0

[Event "Olympiad-42"]
[Site "Baku"]
[Date "2016.09.13"]
[Round "11.2"]
[White "Strugnell, Carl"]
[Black "Teerapabpaisit, Wisuwat"]
[Result "1-0"]
[WhiteElo "2239"]
[BlackElo "2248"]
[PlyCount "71"]
[EventDate "2016.09.02"]
[EventType "team-swiss"]
[EventRounds "11"]
[EventCountry "AZE"]
[SourceTitle "CBM 175"]
[Source "ChessBase"]
[SourceDate "2016.11.10"]
[SourceVersion "1"]
[SourceVersionDate "2016.11.10"]
[SourceQuality "1"]
[WhiteTeam "Wales"]
[BlackTeam "Thailand"]
[WhiteTeamCountry "WLS"]
[BlackTeamCountry "THA"]

1. e4 c5 2. Nf3 e6 3. Nc3 a6 4. d4 cxd4 5. Nxd4 Qc7 6. Bd3 Nc6 7. Nxc6 dxc6 8. 0-0 e5 9. f4 Bd6 10. f5 Nf6 11. Kh1 b5 12. a4 b4 13. Nb1 Bb7 14. a5 h5 15. Nd2 Ng4 16. Nc4 Bc5 17. Qe1 Qd8 18. b3 Qd4 19. Bb2 Nf2+ 20. Rxf2 Qxf2 21. Nd6+ Kd7 22. Nxb7 Qxe1+ 23. Rxe1 Be7 24. Bxe5 Rhb8 25. Bxb8 Rxb8 26. Bxa6 Kc7 27. Rd1 f6 28. h3 Bf8 29. g4 hxg4 30. hxg4 Ra8 31. Bc4 Kxb7 32. Rd7+ Kb8 33. a6 Bc5 34. Rxg7 Bd4 35. Rb7+ Kc8 36. Be6+ 1-0

[Event "Olympiad-42"]
[Site "Baku"]
[Date "2016.09.08"]
[Round "6.2"]
[White "Teerapabpaisit, Wisuwat"]
[Black "Babarykin, Stanislav"]
[Result "1-0"]
[WhiteElo "2248"]
[BlackElo "2339"]
[PlyCount "195"]
[EventDate "2016.09.02"]
[EventType "team-swiss"]
[EventRounds "11"]
[EventCountry "AZE"]
[SourceTitle "CBM 175"]
[Source "ChessBase"]
[SourceDate "2016.11.10"]
[SourceVersion "1"]
[SourceVersionDate "2016.11.10"]
[SourceQuality "1"]
[WhiteTeam "Thailand"]
[BlackTeam "IBCA"]
[WhiteTeamCountry "THA"]

1. e4 e5 2. Nf3 Nc6 3. Bc4 Nf6 4. Ng5 d5 5. exd5 Na5 6. Bb5+ c6 7. dxc6 bxc6 8. Qf3 Be7 9. Bd3 0-0 10. Nc3 h6 11. Nge4 Nd5 12. Ng3 Nb4 13. Nf5 Bg5 14. h4 Nxd3+ 15. cxd3 Bf4 16. Ng3 Bxg3 17. Qxg3 Ba6 18. 0-0 Qxd3 19. Qxd3 Bxd3 20. Re1 f6 21. b3 Rfd8 22. Bb2 c5 23. Na4 c4 24. Nc5 cxb3 25. axb3 Nc6 26. Bc3 Rab8 27. Nxd3 Rxd3 28. Ra6 Nd4 29. b4 Nb5 30. Rc6 h5 31. Ra1 Kf7 32. Rc5 Ke6 33. Ra5 Rd5 34. Ra6+ Rd6 35. Ra5 Rd5 36. Ra6+ Rb6 37. Rxb6+ axb6 38. Rc8 Rd7 39. Rb8 Rd6 40. Rg8 Kf7 41. Rc8 Re6 42. g3 Re8 43. Rc4 Ke7 44. f4 Kd6 45. fxe5+ fxe5 46. Re4 Kd5 47. Re3 g6 48. Kg2 e4 49. Bg7 Re7 50. Bh6 Nd4 51. Rc3 Ne6 52. Be3 b5 53. Rc8 Rc7 54. Rg8 Rc6 55. Kf2 Nc7 56. Rd8+ Ke6 57. Bf4 Rc4 58. Bxc7 Rxc7 59. Rd4 Kf5 60. Rd5+ Ke6 61. Rxb5 Rd7 62. Ke2 Rd3 63. Rg5 Kf6 64. g4 hxg4 65. Rxg4 Rd4 66. b5 Rb4 67. Ke3 Rxb5 68. Rf4+ Ke5 69. Rxe4+ Kf5 70. Rf4+ Ke6 71. Rg4 Kf6 72. d4 Rb8 73. Rf4+ Ke6 74. Re4+ Kf5 75. Re5+ Kf6 76. Kf4 Rd8 77. Ke3 Rh8 78. Re4 g5 79. hxg5+ Kxg5 80. d5 Kf5 81. Kd4 Ra8 82. Re1 Ra4+ 83. Kc5 Ra5+ 84. Kc6 Ra6+ 85. Kb5 Ra2 86. d6 Rd2 87. Kc6 Kf6 88. d7 Rc2+ 89. Kd6 Rd2+ 90. Kc7 Rc2+ 91. Kd8 Kf7 92. Rf1+ Kg7 93. Rf4 Rc1 94. Ke7 Re1+ 95. Kd6 Rd1+ 96. Ke6 Kg6 97. Rf6+ Kg7 98. Rf5 1-0